| 000 | 00936nam a2200217 a 4500 | ||
|---|---|---|---|
| 003 | 0 | ||
| 005 | 20250407111633.0 | ||
| 008 | 970101s19uu xx 00 eng d | ||
| 050 |
_aPGS RS 164.P6.A93 _b.So714 2004 |
||
| 100 | _aSoriano, Jed Joshua R. | ||
| 245 |
_aAwareness of the parents and the guardians of the Southville International School and Colleges grade six students on the ten Philippines medicinal plants as an alternative cure / _cSoriano, Jed Joshua R. |
||
| 260 |
_aLas PiƱas City, Philippines : _bSouthville International School and Colleges, _c2004. |
||
| 300 |
_a25 pages : _billustrations ; _c28 cm. |
||
| 504 | _aIncludes bibliographical references. | ||
| 650 |
_aMedicinal plants _zPhilippines. |
||
| 650 |
_aHerbal medicine _zPhilippines |
||
| 650 |
_aTraditional medicine _zPhilippines |
||
| 650 |
_aParents _vAttitudes. |
||
| 650 |
_aHealth knowledge, attitudes, practice _zPhilippines. |
||
| 942 |
_2lcc _cPASS |
||
| 999 |
_c97055 _d97055 |
||